[Event "Bergisch Gladbach-ch op"]
[Site "Bergisch Gladbach"]
[Date "2001.08.30"]
[Round "3"]
[White "Floc'h, Sebastien"]
[Black "Gotta, Franz"]
[Result "1/2-1/2"]
[WhiteElo "1621"]
[BlackElo "1559"]
[PlyCount "45"]
[EventDate "2001.08.17"]
[EventType "swiss"]
[EventRounds "7"]
[EventCountry "GER"]
[SourceTitle "EXT 2006"]
[Source "ChessBase"]
[SourceDate "2005.11.24"]
[SourceVersion "1"]
[SourceVersionDate "2005.11.24"]
[SourceQuality "1"]

1. e4 e5 2. Nf3 Nc6 3. Nc3 Nf6 4. Bc4 Bc5 5. d3 h6 6. h3 d6 7. 0-0 0-0 8. Be3 Bb6 9. Bxb6 axb6 10. Nd5 Na5 11. Nxf6+ Qxf6 12. Bb3 Be6 13. c3 Bxb3 14. axb3 Qe6 15. b4 Nc6 16. Qd2 Rxa1 17. Rxa1 f5 18. exf5 Rxf5 19. Re1 Qf6 20. d4 exd4 21. Nxd4 Nxd4 22. Qxd4 Qxd4 23. cxd4 1/2-1/2